Top 50 Most Visited Cities in the World - Statistics

General Stats
  • This quiz has been taken 1,044 times
  • The average score is 27 of 50
Answer Stats
Hint Answer % Correct
8 New York
97%
6 Paris
97%
3 London
96%
15 Rome
91%
14 Tokyo
91%
27 Los Angeles
90%
43 Madrid
88%
36 Berlin
87%
31 Barcelona
83%
48 Moscow
80%
13 Delhi
74%
32 Milan
74%
26 Shanghai
74%
12 Istanbul
73%
23 Amsterdam
71%
2 Bangkok
70%
7 Dubai
69%
49 Athens
67%
1 Hong Kong
67%
50 Cairo
66%
22 Miami
66%
19 Mumbai
63%
24 Seoul
62%
4 Singapore
62%
41 Venice
59%
34 Vienna
57%
30 Osaka
56%
46 Dublin
55%
20 Prague
52%
47 Florence
46%
28 Las Vegas
46%
9 Kuala Lumpur
44%
21 Mecca
40%
17 Taipei
36%
39 Ho Chi Minh City
35%
44 Orlando
34%
40 Riyadh
34%
18 Guangzhou
33%
38 Johannesburg
26%
5 Macau
26%
35 Cancun
24%
33 Denpasar
21%
10 Shenzhen
21%
45 Chennai
16%
16 Antalya
14%
11 Phuket
14%
29 Agra
9%
25 Pattaya
7%
42 Jaipur
6%
37 Johor Bahru
1%
No matching quizzes found
Score Distribution
Percent of People with Each Score
Percentile by Number Answered
Your Score History
You have not taken this quiz